000
00263nam a22001217a 4500
082
_a
823
_b
PAI/T
100
_a
PAI, ANAND
245
_a
TALES OF SAI BABA
260
_a
BOMBAY
_b
INDIA BOOK HOUSE
_c
1996
300
_a
32
650
_a
ENGLISH HOUSE
_z
INDIA
942
_c
BK
999
_c
7446
_d
7446